000 00884nam a2200289 i 4500
003 EG-GICUC
005 20260308104826.0
008 260224s1994 us ||||fr|||| 00| 0 fre d
040 _aEG-GiCUC
_bfre
_cEG-GiCUC
_dEG-GiCUC
_eRda
041 _afre
082 0 4 _221
_a341.851
_bLO
092 0 4 _221
099 _aLaw1 12 341.851 LO 1994
245 _aLoi Type De La Cnudci Sur L'arbitrage Commercial International /
_cNations Unies .
264 _aUnited States :
_bNations Unies ,
_c1994 .
300 _a27 page ;
_c 24 cm.
336 _2rda contenu
_a texte
337 _2rda medias
_aOrdinateur
338 _2 transporteur rda
_a Ressource en ligne
546 _aTexte en français
650 1 _adroit international
650 1 _aArbitrage
651 1 _2qrmak
856 4 0 _uhttps://fll.law.cu.edu.eg/fulltext/bks/B12-03028.pdf
905 _a60
942 _2ddc
_cBK
_e21
_n0
999 _c64118
_d64118